000 00969nam a22002537a 4500
005 20170124102940.0
010 _aA-739724
020 _c150.00
_a8185830193
035 _aA-739724
037 _bCen Lib/Ret
040 _aDPL
_bHN
082 _a827
_bजोशीह
100 _aजोशी, हरि
_948063
245 _aमहागुरु /
_cहरि जोशी
246 _aMahaguru /
_bby Hari Joshi
260 _aदिल्ली
_bसत्साहित्य प्रकाशन
_c1995
270 _a105-बी चावड़ी बाज़ार
_bदिल्ली
300 _a212पृ.
_c21सेमी (सजिल्द)
650 _aहिन्दी साहित्य
_948064
650 _aहिन्दी साहित्य--उपन्यास
_946379
650 _aHindi Literature
_948065
650 _aHindi Literature--Novel
_948066
942 _2ddc
_cHN
_h827
_mजोशीह
999 _c112531
_d112531